<?xml version="1.0" encoding="UTF-8"?>
<marc:record xmlns:marc="http://www.loc.gov/MARC21/slim">
   <marc:leader>00000nam a2200000 a 4500</marc:leader>
   <marc:datafield ind1="1" ind2=" " tag="100">
      <marc:subfield code="a">Drewermann, Eugen</marc:subfield>
      <marc:subfield code="4">aut</marc:subfield>
      <marc:subfield code="e">Verfasser/-in</marc:subfield>
   </marc:datafield>
   <marc:datafield ind1=" " ind2=" " tag="653">
      <marc:subfield code="a">Drewermann</marc:subfield>
   </marc:datafield>
   <marc:datafield ind1=" " ind2=" " tag="653">
      <marc:subfield code="a">Tiefenpsychologie</marc:subfield>
   </marc:datafield>
   <marc:datafield ind1=" " ind2=" " tag="653">
      <marc:subfield code="a">Märchen</marc:subfield>
   </marc:datafield>
   <marc:datafield ind1=" " ind2=" " tag="653">
      <marc:subfield code="a">Märcheninterpretation</marc:subfield>
   </marc:datafield>
   <marc:datafield ind1=" " ind2=" " tag="653">
      <marc:subfield code="a">Softcover / Sachbücher/Angewandte Psychologie</marc:subfield>
   </marc:datafield>
   <marc:datafield ind1="0" ind2="0" tag="245">
      <marc:subfield code="a">Grimms Märchen tiefenpsychologisch gedeutet</marc:subfield>
   </marc:datafield>
   <marc:datafield ind1="0" ind2="0" tag="245">
      <marc:subfield code="c">Eugen Drewermann</marc:subfield>
   </marc:datafield>
   <marc:datafield ind1=" " ind2="1" tag="264">
      <marc:subfield code="a">Ostfildern</marc:subfield>
      <marc:subfield code="b">Patmos-Verl.</marc:subfield>
      <marc:subfield code="c">2015</marc:subfield>
   </marc:datafield>
   <marc:datafield ind1=" " ind2=" " tag="250">
      <marc:subfield code="a">Aktualisierte Neuausg.</marc:subfield>
   </marc:datafield>
   <marc:datafield ind1="1" ind2=" " tag="520">
      <marc:subfield code="a">Angaben aus der Verlagsmeldung

Landschaften der Seele oder: Wie uns die Liebe verzaubert : Grimms Märchen tiefenpsychologisch gedeutet / von Eugen Drewermann

Märchen beschreiben in zeitlosen Bildern den Weg, den es braucht, um wirklich Mensch zu werden. Märchen sind Wegweiser der Seele, sie führen auf die Wege der Weisheit, durch Verwundungen und Verwünschungen in eine Welt voller Wunder und zu den Quellen des Glücks, aus denen jeder zu schöpfen vermag. Sie machen Mut, trotz aller Hindernisse, Ängste und Schuldgefühle an die Berechtigung des eigenen Lebens zu glauben und bedingungslos der Wahrheit des eigenen Herzens zu folgen. Über viele Jahre hat sich Eugen Drewermann intensiv mit der Weisheit der Märchen, Mythen und Träume beschäftigt, insbesondere mit den Hausmärchen der Gebrüder Grimm. Aus Anlass seines 75. Geburtstags am 20. Juni 2015 liegen seine Erschließungen der wichtigsten Grimm’schen Märchen nun in einer schön gestalteten Ausgabe endlich wieder vor. Band 2: Dornröschen, Schneeweißchen und Rosenrot, der goldene Vogel, die Kristallkugel, Rapunzel, der Herr Gevatter, Gevatter Tod, Fundevogel.
</marc:subfield>
   </marc:datafield>
   <marc:datafield ind1=" " ind2=" " tag="020">
      <marc:subfield code="a">9783843606172</marc:subfield>
      <marc:subfield code="9">9783843606172</marc:subfield>
   </marc:datafield>
   <marc:datafield ind1=" " ind2=" " tag="020">
      <marc:subfield code="a">384360617X</marc:subfield>
      <marc:subfield code="9">384360617X</marc:subfield>
   </marc:datafield>
   <marc:datafield ind1=" " ind2=" " tag="041">
      <marc:subfield code="a">ger</marc:subfield>
   </marc:datafield>
   <marc:datafield ind1=" " ind2=" " tag="300">
      <marc:subfield code="a">XII, 509 S.</marc:subfield>
   </marc:datafield>
</marc:record>
